Nghiên cứu tận dụng thạch cao phế thải để làm phụ gia trong công nghệ sản xuất ximăng

Tổng quan lý thuyết: Ximăng Portland... Nguyên liệu và phương pháp nghiên cứu. Kết quả và thảo luận

Zapisane w:
Opis bibliograficzny
1. autor: Nguyễn, Thị Quyên (Tác giả)
Kolejni autorzy: Phạm Văn Tuấn Th.S (Hướng dẫn)
Format: Książka
Język:Vietnamese
Wydane: Đà Nẵng Đại học Đà Nẵng 2009
Hasła przedmiotowe:
Etykiety: Dodaj etykietę
Nie ma etykietki, Dołącz pierwszą etykiete!
Thư viện lưu trữ: Mạng thư viện Đại học Đà Nẵng
LEADER 01430nam a2200361 4500
001 000012008
003 8292
005 20120214160253.0
008 120214s2009 viesd
041 |a vie 
072 |a Khóa luận tốt nghiệp 
082 |a 553.68  |b NG-Q 
100 |a Nguyễn, Thị Quyên  |e Tác giả 
245 |a Nghiên cứu tận dụng thạch cao phế thải để làm phụ gia trong công nghệ sản xuất ximăng  |c Nguyễn Thị Quyên 
260 |a Đà Nẵng  |b Đại học Đà Nẵng  |c 2009 
300 |a 46 tr.  |b Hình ảnh  |c 29 cm 
500 |a Khóa luận tốt nghiệp khoa Hóa. Lớp 05 HH 
520 |a Tổng quan lý thuyết: Ximăng Portland... Nguyên liệu và phương pháp nghiên cứu. Kết quả và thảo luận 
653 |a Nghiên cứu 
653 |a Thạch cao 
653 |a Phụ gia 
653 |a Sản xuất ximăng 
700 |a Phạm Văn Tuấn  |c Th.S  |e Hướng dẫn 
OWN |a LSP 
AVA |a UDN50  |b LSP  |d 553.68 NG-Q  |e available  |t Error 5001 Not defined in file expand_doc_bib_avail.  |f 1  |g 0  |h N  |i 0  |k 1 
999 |a From the UDN01 
AVA |a UDN50  |b LSP  |d 553.68 NG-Q  |e available  |t Error 5001 Not defined in file expand_doc_bib_avail.  |f 1  |g 0  |h N  |i 0  |k 1 
TYP |a Monograph 
TYP |a Printed language 
980 |a Mạng thư viện Đại học Đà Nẵng